LEADER 01305nas 2200457- 450 001 9910559799203321 005 20210920213022.0 011 $a2355-4800 035 $a(OCoLC)937596592 035 $a(CKB)3710000000540040 035 $a(CONSER)--2016252203 035 $a(DE-599)ZDB3116913-2 035 $a(EXLCZ)993710000000540040 100 $a20160125a19939999 --- - 101 0 $aeng 135 $aurmnu|||||||| 181 $ctxt$2rdacontent 182 $cc$2rdamedia 183 $acr$2rdacarrier 200 00$aJournal of dentistry Indonesia 210 1$aJakarta, Indonesia :$cFaculty of Dentistry, University of Indonesia 215 $a1 online resource 300 $aRefereed/Peer-reviewed 311 $a1693-9697 517 1 $aJDI 531 1 $aJ. dent. Indones. 606 $aDentistry$zIndonesia$vPeriodicals 606 $aDentistry$2fast$3(OCoLC)fst00890633 606 $aDentistry 607 $aIndonesia$2fast 607 $aIndonesia 608 $aPeriodicals.$2fast 608 $aPeriodical. 615 0$aDentistry 615 7$aDentistry. 615 2$aDentistry. 712 02$aUniversitas Indonesia.$bFakultas Kedokteran Gigi. 906 $aJOURNAL 912 $a9910559799203321 996 $aJournal of dentistry Indonesia$92833517 997 $aUNINA LEADER 01276nam0 22003013i 450 001 PUV0594224 005 20251003044314.0 100 $a20190927d1958 ||||0itac50 ba 101 | $aita 102 $ait 181 1$6z01$ai $bxxxe 182 1$6z01$an 183 1$6z01$anc$2RDAcarrier 200 1 $aAppunti sul potere del Presidente della Repubblica di autorizzare la presentazione dei disegni di legge governativi$fAlberto Predieri 210 $aSiena$cCircolo giuridico dell'Universita$d1958 215 $a51 p.$d24 cm 300 $aEstr. da: Studi senesi, 70, ser. 3, 7, fasc. 3. 606 $aPresidente della Repubblica$2FIR$3CFIC009408$9I 676 $a342.02$9STRUMENTI FONDAMENTALI DELLO STATO$v23 700 1$aPredieri$b, Alberto$3CFIV065379$4070$011646 801 3$aIT$bIT-000000$c20190927 850 $aIT-BN0095 901 $bNAP 01$cD $n$ 912 $aPUV0594224 950 0$aBiblioteca Centralizzata di Ateneo$d 01D (AR) 5 803$e 01AR 0070058035 VMA A4 1 v.$fY $h20230726$i20230726$lFondo Chiomenti$mEx Libris 977 $a 01 996 $aAppunti sul potere del Presidente della Repubblica di autorizzare la presentazione dei disegni di legge governativi$9781840 997 $aUNISANNIO